000
00295nam a22001337a 4500
008
170421b xxu||||| |||| 00| 0 eng d
020
_a
0716750066
041
_a
eng
080
_a
573
100
_a
11
101
_a
SHM
245
_a
GIDED TOUR OF THE LIVING CELL
_c
DUVE.CH
942
_2
udc
_c
BK
999
_c
11481
_d
11481